[Event "Bayern-ch Seniors 22nd"]
[Site "Bergen"]
[Date "2010.06.20"]
[Round "9"]
[White "Kneschke, Hansjuergen"]
[Black "Jagdhuber, Hans"]
[Result "0-1"]
[WhiteElo "1880"]
[BlackElo "1941"]
[PlyCount "86"]
[EventDate "2010.06.12"]
[EventType "swiss"]
[EventRounds "9"]
[EventCountry "GER"]
[SourceTitle "EXT 2011"]
[Source "ChessBase"]
[SourceDate "2010.11.26"]
[SourceVersion "1"]
[SourceVersionDate "2010.11.26"]
[SourceQuality "1"]

1. d4 Nf6 2. c4 g6 3. Nc3 Bg7 4. e4 d6 5. f3 0-0 6. Bg5 h6 7. Be3 e5 8. dxe5 dxe5 9. Bc5 Re8 10. Qxd8 Rxd8 11. Nd5 Nxd5 12. cxd5 c6 13. Be7 Re8 14. Bd6 cxd5 15. exd5 Rd8 16. Bxb8 Rxb8 17. Bc4 b5 18. Bb3 a5 19. a3 a4 20. Ba2 b4 21. Bc4 bxa3 22. bxa3 e4 23. Rd1 Rb2 24. Ne2 exf3 25. gxf3 Bh3 26. Rg1 Bf6 27. Rd2 Bh4+ 28. Ng3 Re8+ 29. Be2 Rb3 30. Kf2 Rxa3 31. Re1 Bg5 32. Rd3 Be3+ 33. Rxe3 Rexe3 34. d6 Re8 35. Rd1 Rd8 36. Ne4 Bd7 37. Bc4 Bc6 38. Bd5 Bxd5 39. Rxd5 Ra2+ 40. Kg3 Rc2 41. Nc5 a3 42. Nb7 a2 43. Ra5 Rd7 0-1

[Event "Bayern-ch Seniors 22nd"]
[Site "Bergen"]
[Date "2010.06.18"]
[Round "7"]
[White "Kneschke, Hansjuergen"]
[Black "Mack, Thomas"]
[Result "1/2-1/2"]
[WhiteElo "1880"]
[BlackElo "1942"]
[PlyCount "49"]
[EventDate "2010.06.12"]
[EventType "swiss"]
[EventRounds "9"]
[EventCountry "GER"]
[SourceTitle "EXT 2011"]
[Source "ChessBase"]
[SourceDate "2010.11.26"]
[SourceVersion "1"]
[SourceVersionDate "2010.11.26"]
[SourceQuality "1"]

1. d4 Nf6 2. c4 c5 3. d5 e6 4. Nc3 exd5 5. cxd5 g6 6. e4 d6 7. Bb5+ Bd7 8. a4 Bg7 9. Nf3 0-0 10. Bxd7 Nbxd7 11. 0-0 Re8 12. Re1 Ng4 13. h3 Nge5 14. Nxe5 Nxe5 15. f4 Nc4 16. Qc2 Qh4 17. Re2 Qg3 18. Nd1 Bd4+ 19. Kh1 Nb6 20. Ra3 Qh4 21. a5 Nd7 22. Rf3 Nf6 23. Bd2 Nxd5 24. Qb3 Nf6 25. Qxb7 1/2-1/2

[Event "Bayern-ch Seniors 22nd"]
[Site "Bergen"]
[Date "2010.06.13"]
[Round "2"]
[White "Goy, Udo"]
[Black "Kneschke, Hansjuergen"]
[Result "1/2-1/2"]
[WhiteElo "2093"]
[BlackElo "1880"]
[PlyCount "50"]
[EventDate "2010.06.12"]
[EventType "swiss"]
[EventRounds "9"]
[EventCountry "GER"]
[SourceTitle "EXT 2011"]
[Source "ChessBase"]
[SourceDate "2010.11.26"]
[SourceVersion "1"]
[SourceVersionDate "2010.11.26"]
[SourceQuality "1"]

1. d4 Nf6 2. c4 g6 3. Nc3 d5 4. cxd5 Nxd5 5. e4 Nxc3 6. bxc3 Bg7 7. Nf3 0-0 8. Be2 c5 9. Rb1 Nc6 10. d5 Bxc3+ 11. Bd2 Bxd2+ 12. Qxd2 Nd4 13. Nxd4 cxd4 14. h4 e5 15. dxe6 Bxe6 16. Rxb7 Rb8 17. Rxb8 Qxb8 18. 0-0 Rd8 19. Bd3 Rc8 20. h5 Rc5 21. Be2 Qe5 22. Bf3 g5 23. g3 h6 24. Rb1 Rc3 25. Bg2 Qc5 1/2-1/2

[Event "Bayern-ch Seniors 21st"]
[Site "Bergen"]
[Date "2009.06.23"]
[Round "4"]
[White "Kneschke, Hansjuergen"]
[Black "Alefs, Heinz"]
[Result "1/2-1/2"]
[WhiteElo "1825"]
[BlackElo "1677"]
[PlyCount "49"]
[EventDate "2009.06.20"]
[EventType "swiss"]
[EventRounds "9"]
[EventCountry "GER"]
[SourceTitle "EXT 2015"]
[Source "ChessBase"]
[SourceDate "2014.11.20"]
[SourceVersion "1"]
[SourceVersionDate "2014.11.20"]
[SourceQuality "1"]

1. d4 f5 2. e4 fxe4 3. Nc3 Nf6 4. Bg5 d6 5. Qe2 Bg4 6. Qb5+ Nbd7 7. Bxf6 exf6 8. Qxb7 f5 9. Nd5 Rc8 10. Ba6 c6 11. Qxc8 Qxc8 12. Bxc8 cxd5 13. Bxd7+ Kxd7 14. Ne2 g5 15. h3 Bh5 16. Ng3 Bg6 17. 0-0-0 f4 18. Nf1 Be7 19. b3 Rc8 20. Rd2 Bd8 21. a3 Ba5 22. b4 Bb6 23. Kb2 Rc4 24. c3 a5 25. Re2 1/2-1/2

[Event "EU-chT Seniors 10th"]
[Site "Dresden"]
[Date "2008.02.14"]
[Round "4.3"]
[White "Kalmutzki, Manfred"]
[Black "Kneschke, Hansjuergen"]
[Result "1/2-1/2"]
[WhiteElo "2005"]
[BlackElo "1877"]
[PlyCount "21"]
[EventDate "2008.02.11"]
[EventType "team-swiss"]
[EventRounds "9"]
[EventCountry "GER"]
[SourceTitle "CBM 122 Extra"]
[Source "ChessBase"]
[SourceDate "2008.03.04"]
[SourceVersion "1"]
[SourceVersionDate "2008.03.04"]
[SourceQuality "1"]
[WhiteTeam "Bahn Sozialwerk II"]
[BlackTeam "Dresden Rotation"]
[WhiteTeamCountry "GER"]
[BlackTeamCountry "GER"]

1. f4 d5 2. Nf3 g6 3. e3 Bg7 4. d4 Nf6 5. Bd3 b6 6. 0-0 0-0 7. Nbd2 c5 8. c3 Ba6 9. Bxa6 Nxa6 10. Qe2 Nc7 11. Ne5 1/2-1/2

[Event "EU-chT Seniors 04th"]
[Site "Dresden"]
[Date "2002.02.27"]
[Round "3.4"]
[White "Nowarra, Waltraud"]
[Black "Kneschke, Hansjuergen"]
[Result "1/2-1/2"]
[WhiteElo "2215"]
[BlackElo "1960"]
[PlyCount "38"]
[EventDate "2002.02.25"]
[EventType "team-swiss"]
[EventRounds "7"]
[EventCountry "GER"]
[SourceTitle "EXT 2005"]
[Source "ChessBase"]
[SourceDate "2004.11.15"]
[SourceVersion "1"]
[SourceVersionDate "2004.11.15"]
[SourceQuality "1"]

1. e4 e6 2. d4 d5 3. e5 c5 4. c3 Nc6 5. Nf3 Qb6 6. a3 cxd4 7. cxd4 Bd7 8. Nc3 a6 9. Na4 Qa7 10. b4 Rc8 11. Be2 Nb8 12. 0-0 Bb5 13. Be3 Bxe2 14. Qxe2 b5 15. Nc5 Bxc5 16. dxc5 Qd7 17. Nd4 Ne7 18. f4 g6 19. Rad1 Nbc6 1/2-1/2